Dopants and defects in semiconductors / (رقم التسجيلة. 35544)

تفاصيل مارك
000 -الفاتح
حقل البيانات ثابتة الطول 02206cam a2200349 a 4500
001 - رقم الضبط
رقم الضبط 17134350
003 - محدد رقم الضبط
رقم الضبط OSt
005 - وقت وتاريخ اخر تعامل مع التسجيلة
رقم الضبط 20150408114223.0
008 - عناصر البيانات ثابتة الطول - معلومات عامة
حقل البيانات ثابتة الطول 120125s2012 flua b 001 0 eng
010 ## - رقم ضبط مكتبة الكونجرس
رقم ضبط مكتبة الكونجرس 2012000323
020 ## - الرقم الدولى المعيارى للكتب
الرقم الدولى المعيارى للكتاب 9781439831526 (hardback)
040 ## - مصدر الفهرسة
وكالة الفهرسة الأصلية DLC
وكالة النسخ DLC
وكالة التعديل DLC
042 ## - رمز التحقق
رمز التحقق pcc
050 00 - رقم طلب مكتبة الكونجرس
رقم التصنيف TK7871.85
رقم المادة .M3984 2012
082 00 - رقم تصنيف ديوى العشرى
رقم التصنيف 660.2977
رقم الطبعة 23
رقم المادة MMD
084 ## - رقم تصنيف آخر
رقم التصنيف SCI013000
-- SCI077000
-- TEC021000
مصدر الرقم bisacsh
100 1# - المدخل الرئيسى - إسم شخصى
الإسم الشخصى McCluskey, Matthew D.
9 (RLIN) 46176
245 10 - بيان العنوان
العنوان Dopants and defects in semiconductors /
بيان المسئوليه,etc Matthew D. McCluskey, Eugene E. Haller.
260 ## - PUBLICATION, DISTRIBUTION, ETC. (IMPRINT)
مكان الناشر او الموزع Boca Raton, FL :
اسم الناشر او الموزع Taylor & Francis,
تاريخ النشر أو التوزيع 2012.
300 ## - الوصف المادى
التعداد xx, 370 p. :
تفاصيل ماديه اخرى للوعاء ill. ;
أبعاد الوعاء 26 cm.
504 ## - تبصرة ببليوجرافية
تبصرة ببليوجرافية,الخ Includes bibliographical references and index.
520 ## - التبصرة الخاصة بالتعليق أو التلخيص
ملخص,الخ "Dopants and Defects in Semiconductors covers the theory, experimentation, and identification of impurities, dopants, and intrinsic defects in semiconductors. The book fills a crucial gap between solid-state physics and more specialized course texts.The authors first present introductory concepts, including basic semiconductor theory, defect classifications, crystal growth, and doping. They then explain electrical, vibrational, optical, and thermal properties. Moving on to characterization approaches, the text concludes with chapters on the measurement of electrical properties, optical spectroscopy, particle-beam methods, and microscopy.By treating dopants and defects in semiconductors as a unified subject, this book helps define the field and prepares students for work in technologically important areas. It provides students with a solid foundation in both experimental methods and the theory of defects in semiconductors"--
650 #0 - المدخل الاضافى بالموضوع-مصطلح موضوعى
مصطلح موضوعي أو اسم جغرافي كعنصر مدخل Semiconductor doping.
9 (RLIN) 46177
650 #0 - المدخل الاضافى بالموضوع-مصطلح موضوعى
مصطلح موضوعي أو اسم جغرافي كعنصر مدخل Semiconductors
التقسيم الفرعي العام Defects.
9 (RLIN) 46178
650 #7 - المدخل الاضافى بالموضوع-مصطلح موضوعى
مصطلح موضوعي أو اسم جغرافي كعنصر مدخل SCIENCE / Chemistry / General
مصدر الرأس أو المصطلح bisacsh.
9 (RLIN) 40138
650 #7 - المدخل الاضافى بالموضوع-مصطلح موضوعى
مصطلح موضوعي أو اسم جغرافي كعنصر مدخل SCIENCE / Solid State Physics
مصدر الرأس أو المصطلح bisacsh.
9 (RLIN) 46179
650 #7 - المدخل الاضافى بالموضوع-مصطلح موضوعى
مصطلح موضوعي أو اسم جغرافي كعنصر مدخل TECHNOLOGY & ENGINEERING / Material Science
مصدر الرأس أو المصطلح bisacsh.
9 (RLIN) 40572
700 1# - المدخل الاضافى - اسم شخصى
الإسم الشخصى Haller, Eugene E.
9 (RLIN) 46180
906 ## - عنصر بيانات محلى F, LDF (RLIN)
a 7
b cbc
c orignew
d 1
e ecip
f 20
g y-gencatlg
942 ## - عناصر المدخل الإضافي( كوها)
مصدر التصنيف او مخطط الترفيف Dewey Decimal Classification
Koha [default] item type كتاب
المقتنيات
حالة الفقد نموذج السعر الفعال حالة تلف ليس للاعارة رقم الطلب تاريخ الاكتساب الموقع الحالي الباركود الفرع الرئيسي Date last seen نوع المادة فى نظام كوها مصدر التصنيف او خطة الترفيف Total Checkouts
  2014-07-09     660.2977 MMD 2014-07-09 المكتبة المركزية بالمجمعة (CL) 00653272 المكتبة المركزية بالمجمعة (CL) 2014-07-09 كتاب Dewey Decimal Classification  
  2014-07-09     660.2977 MMD 2014-07-09 المكتبة المركزية بالمجمعة (CL) 00653273 المكتبة المركزية بالمجمعة (CL) 2014-07-09 كتاب Dewey Decimal Classification  
  2014-07-09     660.2977 MMD 2014-07-09 المكتبة المركزية بالمجمعة (CL) 00653274 المكتبة المركزية بالمجمعة (CL) 2014-07-09 كتاب Dewey Decimal Classification  
  2014-07-09     660.2977 MMD 2014-07-09 مكتبة مجمع الكليات بالزلفى - طلاب (SZM) 00653275 مكتبة مجمع الكليات بالزلفى - طلاب (SZM) 2014-07-09 كتاب Dewey Decimal Classification  
  2014-07-09     660.2977 MMD 2014-07-09 مكتبة مجمع الكليات بالزلفى - طلاب (SZM) 00653276 مكتبة مجمع الكليات بالزلفى - طلاب (SZM) 2014-07-09 كتاب Dewey Decimal Classification